| 000 | 00700nam a2200241Ia 4500 | ||
|---|---|---|---|
| 003 | OSt | ||
| 005 | 20220925205729.0 | ||
| 006 | a|||||r|||| 00| 0 | ||
| 007 | ta | ||
| 008 | 220923b |||||||| |||| 00| 0 eng d | ||
| 037 | _cGeneral Book | ||
| 040 |
_aRTL _cRTL _beng |
||
| 041 |
_2eng _aeng |
||
| 082 | _aVIN45.N68n, K8 | ||
| 110 | _aUNITED NATIONS | ||
| 245 | 0 |
_aStatistics on children and youth _b statistical year book for Asia & far east 1968 |
|
| 260 |
_ahong _bKong United Nations _c1969 |
||
| 300 |
_av,198p _ccm. |
||
| 500 | _aUnited Nations .E/CN.11/879 | ||
| 700 | _aUNITED NATIONS | ||
| 942 |
_hVIN45.N68n, K8 _cGB _2CC |
||
| 999 |
_c553024 _d553024 |
||